ՀՀ Գիտությունների ազգային ակադեմիայի հիմնարար գիտական գրադարան  =   Fundamental Scientific Library of NAS RA

Селекция и семеноводство овощных культур / (Record no. 313144)

MARC details
000 -LEADER
fixed length control field 01161nam a2200217 a 4500
001 - CONTROL NUMBER
control field 000902406
003 - CONTROL NUMBER IDENTIFIER
control field AM-YeHGA
005 - DATE AND TIME OF LATEST TRANSACTION
control field 20250617145512.0
008 - FIXED-LENGTH DATA ELEMENTS--GENERAL INFORMATION
fixed length control field 120626s1974 ru r 000 0 rus d
040 ## - CATALOGING SOURCE
Original cataloging agency AM-YeHGA
041 0# - LANGUAGE CODE
Language code of text/sound track or separate title rus
090 ## - LOCALLY ASSIGNED LC-TYPE CALL NUMBER (OCLC); LOCAL CALL NUMBER (RLIN)
-- 314862
245 00 - TITLE STATEMENT
Title Селекция и семеноводство овощных культур /
Statement of responsibility, etc. ВАСХНИЛ; ВНИИ селекции и семеноводства овощных культур; Редкол.: П.Ф. Сокол и др.
260 ## - PUBLICATION, DISTRIBUTION, ETC.
Place of publication, distribution, etc. М. :
Name of publisher, distributor, etc. Россельхозиздат,
Date of publication, distribution, etc. 1974.
300 ## - PHYSICAL DESCRIPTION
Extent том ;
Dimensions 22 см.
505 10 - FORMATTED CONTENTS NOTE
Miscellaneous information Том 1 (1974, 175 с., табл.)
-- Том 2 (1974, 160 с., табл., рис.)
650 14 - SUBJECT ADDED ENTRY--TOPICAL TERM
Topical term or geographic name entry element Овощеводство, декоративное садоводство и цветоводство
700 1# - ADDED ENTRY--PERSONAL NAME
Personal name Сокол, П.Ф.
Relator term ред.
Relationship edt
710 2# - ADDED ENTRY--CORPORATE NAME
Corporate name or jurisdiction name as entry element Всесоюзная академия сельcкохозяйственных наук им. В.И. Ленина
710 2# - ADDED ENTRY--CORPORATE NAME
Corporate name or jurisdiction name as entry element Всесоюзный научно-исследовательский институт селекции и семеноводства овощных культур
Holdings
Withdrawn status Lost status Source of classification or shelving scheme Damaged status Not for loan Collection Home library Current library Date acquired Total checkouts Full call number Barcode Date last seen Price effective from Koha item type Public note
    Universal Decimal Classification     General Fundamental Scientific Library Fundamental Scientific Library 09/01/2017   PII/326490 FL0253027 09/01/2017 09/01/2017 Գրքեր / Books 30 Days Loan
    Universal Decimal Classification     General Fundamental Scientific Library Fundamental Scientific Library 09/01/2017   PII/342381 FL0281879 09/01/2017 09/01/2017 Գրքեր / Books 30 Days Loan


ՀՀ ԳԱԱ հիմնարար գիտական գրադարան
ՀՀ,Երևան 0019
Մարշալ Բաղրամյան 24/6
հեռախոս:(374-10) 52-47-50
Հետադարձ կապ

All site content, except where otherwise noted, is licensed under a
Creative Commons License